MARC details
| 000 -LÍDER |
| campo de controle de tamanho fixo |
02001nam a2200337 4500 |
| 001 - NÚMERO DE CONTROLE |
| campo de controle |
407 |
| 003 - IDENTIFICADOR DO NÚMERO DE CONTROLE |
| campo de controle |
OSt |
| 005 - DATA E HORÁRIO DA ÚLTIMA TRANSAÇÃO |
| campo de controle |
20250528074019.0 |
| 008 - CAMPO DE DADOS FIXOS--INFORMAÇÃO GERAL |
| campo de controle de tamanho fixo |
250508b |||||||j |||| 00| 1 eng d |
| 020 ## - ISBN - INTERNATIONAL STANDARD BOOK NUMBER |
| ISBN - International Standard Book Number |
8539808676 |
| 040 ## - FONTE DA CATALOGAÇÃO |
| Idioma da catalogação |
por |
| 041 ## - CÓDIGO DE IDIOMA |
| Código do idioma do original e/ou traduções intermediárias do texto |
eng |
| Código do idioma do texto/trilha sonora ou título diferente |
por |
| 082 ## - CDD - CLASSIFICAÇÃO DECIMAL DE DEWEY |
| Número de Classificação |
823 |
| Número do exemplar |
J82e |
| 100 1# - ENTRADA PRINCIPAL--NOME PESSOAL |
| Nome pessoal |
Jordan, Penny, |
| Datas associadas ao nome |
1946-2011 |
| 9 (RLIN) |
877 |
| 240 ## - TÍTULO UNIFORME |
| Título uniforme |
Finding love: The Mistress Purchase & Again.... / |
| 245 ## - TÍTULO |
| Título |
Encontrando um Amor: |
| Restante do título |
Procura-se um amante & Outra vez.. / |
| Indicação de responsabilidade, etc. |
Jordan, Penny ; Tradução de Silvia Lima e Gracinda Vasconcelos |
| 250 ## - EDIÇÃO |
| Declaração de edição |
2 ed. |
| 260 ## - PUBLICAÇÃO, DISTRIBUIÇÃO, ETC. |
| Local de publicação, distribuição, etc. |
Rio de Janeiro |
| Nome do editor, distribuidor, etc. |
Harlequin Books |
| Data da publicação, distribuição, etc. |
2013 |
| 300 ## - DESCRIÇÃO FÍSICA |
| Extensão |
310 p. |
| 520 ## - NOTA DE RESUMO, ETC. |
| Resumo, etc. |
Procura-se uma Amante<br/><br/>Vendida para o magnata grego!<br/><br/>Leon Stapinopolous nunca passou por uma derrota na sala de reuniões – nem na cama! A aquisição de uma das mais antigas perfumarias da França será a próxima tacada de sucesso de sua carreira. Leon exige que a perfumista Sadie Roberts faça parte do negócio! Enquanto ele se preocupa com o lucro, Sadie se mostra inflexível. Mas Leon atiça os sentidos dela como a mais inebriante das fragrâncias… Mesmo consciente de que tem tudo a perder, Sadie não resiste e se embriaga com a encantadora sedução de Leon…<br/><br/>Outra vez...<br/><br/>Amante do próprio marido?<br/>Kate chega para mais um dia de trabalho e é recebida com uma bomba! O novo diretor é ninguém menos que seu ex-marido! Sean, um executivo bilionário, ainda sofre com o fim do casamento. Mas quando a vê, sente reacender a atração física com um simples toque. É apenas uma questão de tempo para que Kate durma com o chefe, e se torne amante do próprio marido! |
| 650 #0 - ASSUNTO--TERMO TÓPICO |
| Cabeçalho tópico ou nome geográfico |
Literatura Inglesa |
| 9 (RLIN) |
89 |
| 650 #0 - ASSUNTO--TERMO TÓPICO |
| Cabeçalho tópico ou nome geográfico |
Amante |
| 9 (RLIN) |
643 |
| 650 #0 - ASSUNTO--TERMO TÓPICO |
| Cabeçalho tópico ou nome geográfico |
Traição |
| 9 (RLIN) |
644 |
| 650 #0 - ASSUNTO--TERMO TÓPICO |
| Cabeçalho tópico ou nome geográfico |
Segunda chance no amor |
| 9 (RLIN) |
879 |
| 655 #0 - TERMO DE ÍNDICE--GÊNERO E FORMA |
| Gênero/forma/ou termo foco |
Romance |
| 655 #0 - TERMO DE ÍNDICE--GÊNERO E FORMA |
| Gênero/forma/ou termo foco |
Ficção |
| 700 ## - ENTRADA ADICIONADA - NOME PESSOAL |
| Nome pessoal |
Silvia Lima |
| Função do autor por extenso |
TRADUTOR |
| Títulos e outras palavras associadas a um nome |
TRADUTOR |
| 9 (RLIN) |
880 |
| 700 ## - ENTRADA ADICIONADA - NOME PESSOAL |
| Nome pessoal |
Gracinda Vasconcelos |
| Função do autor por extenso |
TRADUTOR |
| 9 (RLIN) |
881 |
| 830 ## - ENTRADA SECUNDÁRIA DE SÉRIE--TÍTULO UNIFORME |
| Título uniforme |
Coleção Penny Jordan |
| 9 (RLIN) |
878 |
| 942 ## - ELEMENTOS DE ENTRADA ADICIONADOS (KOHA) |
| Fonte de classificação ou esquema de arquivamento |
Classificação decimal de Dewey |
| Ocultar no OPAC |
Não |
| Tipo de material Koha |
Livros |